000 00578nam a2200229Ia 4500
003 OSt
005 20221005065801.0
006 a|||||r|||| 00| 0
007 ta
008 221004b |||||||| |||| 00| 0 eng d
024 _a56883
037 _cTextual
040 _aCRL
_cCRL
_beng
041 _2eng
_aeng
082 _aV58,5, M2
245 0 _aRights of the individual in socialist society
260 _aMoscow
_bProgress Publishers
_c1982
300 _a182p.
_ccm.
650 _aHISTORY
942 _hV58,5, M2
_cTEXL
_2cc
999 _c975183
_d975183